000
00269nam a22001217a 4500
008
180314b xxu||||| |||| 00| 0 eng d
041
_a
eng
080
_a
61
100
_a
4
101
_a
SHM
245
_a
Current management of arrhythmias
_c
Horowitz
942
_2
udc
_c
BK
999
_c
44953
_d
44953